Nanometer structures (Record no. 564)

MARC details
000 -LEADER
fixed length control field 00861 a2200217 4500
008 - FIXED-LENGTH DATA ELEMENTS--GENERAL INFORMATION
fixed length control field 080820t xxu||||| |||| 00| 0 eng d
010 ## - LIBRARY OF CONGRESS CONTROL NUMBER
LC control number ENG-84854
020 ## - INTERNATIONAL STANDARD BOOK NUMBER
International Standard Book Number 8120330943
Terms of availability 525.00
035 ## - SYSTEM CONTROL NUMBER
System control number EN-68387
037 ## - SOURCE OF ACQUISITION
Source of stock number/acquisition D.B.Act / Pub
082 ## - DEWEY DECIMAL CLASSIFICATION NUMBER
Classification number 620.5
245 ## - TITLE STATEMENT
Title Nanometer structures
Remainder of title theory, modeling, and simulation
Statement of responsibility, etc edited by Akhlesh Lakhtakia
260 ## - PUBLICATION, DISTRIBUTION, ETC. (IMPRINT)
Place of publication, distribution, etc New Delhi
Name of publisher, distributor, etc Prentice-Hall of India
Date of publication, distribution, etc 2007
270 ## - ADDRESS
Address M-97, Connaught Place
City New Delhi
State or province Delhi
Postal code 110001
300 ## - PHYSICAL DESCRIPTION
Extent xiii, 474 p.
Other physical details ill.
Dimensions 24 cm.
500 ## - GENERAL NOTE
General note Includes bibliographical references and index
650 ## - SUBJECT ADDED ENTRY--TOPICAL TERM
Topical term or geographic name as entry element Nanotechnology
700 ## - ADDED ENTRY--PERSONAL NAME
Personal name Lakhtakia, A.
942 ## - ADDED ENTRY ELEMENTS (KOHA)
Institution code [OBSOLETE] dpl
Koha item type English Books
Call number prefix 620.5 / HAN
Source of classification or shelving scheme Dewey Decimal Classification
Classification part 620.5
Call number suffix HAN
Holdings
Withdrawn status Lost status Damaged status Not for loan Home library Current library Date acquired Cost, normal purchase price Total Checkouts Full call number Barcode Date last seen Copy number Uniform Resource Identifier Cost, replacement price Price effective from Koha item type
        D.B.Act.Division D.B.Act.Division 20/08/2008 525.00   620.5 HAN EN-68387 15/09/2008 1 565 525.00 15/09/2008 English Books

© Delhi Public Library
Hit Counter
free hit counter